000 00535pab a2200181 454500
008 180718b2010 xxu||||| |||| 00| 0 eng d
100 _aHaque, M. Shamsul
245 _aDecentralization local governance in Thailand: Contemporary trends and challenges
260 _c2010
300 _ap.673-688.
362 _aOct-Nov
650 _aLocal government - Thailand
650 _aDecentralization - Thailand
650 _aLocal government
773 _aInternational Journal of Public Administration
908 _aN
909 _a90243
999 _c90243
_d90243